000
00286 a2200145 4500
001
186166
020
_a
84-294-4921-3
040
_c
Magnum
100
_a
Smith, Rod
240
1
0
_a
Cold Feet
_l
ING
245
1
0
_a
Cold Feet
300
_a
77
697
_a
LITERATURA INGLESA
942
_c
BK
999
_c
186166
_d
186166